College Algebra: Concepts Through Functions. (Record no. 3971)
[ view plain ]
| 005 - DATE AND TIME OF LATEST TRANSACTION | |
|---|---|
| control field | 20250613103841.0 |
| 020 ## - INTERNATIONAL STANDARD BOOK NUMBER | |
| International Standard Book Number | 0-13-187478-0 |
| 082 ## - DEWEY DECIMAL CLASSIFICATION NUMBER | |
| Classification number | 512SUL |
| 100 ## - MAIN ENTRY--PERSONAL NAME | |
| Author name | SULLIVAN. M. |
| 245 ## - TITLE STATEMENT | |
| Title | College Algebra: Concepts Through Functions. |
| 260 ## - PUBLICATION, DISTRIBUTION, ETC. | |
| Place of publication, distribution, etc. | New york, |
| Name of publisher, distributor, etc. | SULLIVAN. M, |
| Date of publication, distribution, etc. | 2007. |
| 300 ## - PHYSICAL DESCRIPTION | |
| Extent | xxiv,565p, ill, figure, picture &table |
| Other physical details | Appendix & Index |
| Dimensions | 28.5CM |
| 700 ## - ADDED ENTRY--PERSONAL NAME | |
| Other authors/Editors | III.M.S. |
| 942 ## - ADDED ENTRY ELEMENTS (KOHA) | |
| Source of classification or shelving scheme | Dewey Decimal Classification |
| Koha item type | Books |
| Date last seen | Total checkouts | Full call number | Barcode | Price effective from | Koha item type | Lost status | Source of classification or shelving scheme | Damaged status | Not for loan | Withdrawn status | Home library | Current library | Shelving location | Date acquired | Cost, normal purchase price |
|---|---|---|---|---|---|---|---|---|---|---|---|---|---|---|---|
| 06/13/2025 | 510SUL | DOM000815 | 06/13/2025 | Books | Dewey Decimal Classification | CBE Dodoma | CBE Dodoma | General Collection | 05/26/2015 | 85000.00 | |||||
| 06/25/2025 | 510SUL | DOM000902 | 06/13/2025 | Books | Dewey Decimal Classification | CBE Dodoma | CBE Dodoma | General Collection | 05/26/2015 | 85000.00 |
